Zur Anthropologie des Mamma-Karzinoms /

Main Author: Kneer, Michael Ulrich
Corporate Author: Bayerische Julius-Maximilians-Universität Würzburg. Medizinische Fakultät
Language: German
Published: Würzburg : M.U. Kneer, 1983
Physical Description: 160 s.
Book
Saved in:
LEADER 00774nam a22002172a 4500
001 001100772
003 CZ BrMZK
005 20101008121045.0
007 ta
008 100608s1983 gw er|||||||||||ger d
040 |a BOA001  |b cze 
100 1 |a Kneer, Michael Ulrich  |4 dis 
245 1 0 |a Zur Anthropologie des Mamma-Karzinoms /  |c Michael Ulrich Kneer 
260 |a Würzburg :  |b M.U. Kneer,  |c 1983 
300 |a 160 s. 
502 |a Disertace--Bayerische Julius-Maximilians-Universität Würzburg, Medizinische Fakultät, 1983 
710 2 |a Bayerische Julius-Maximilians-Universität Würzburg.  |b Medizinische Fakultät 
910 |a BOA001  |b 2-0875.441 
990 |a BK 
991 |b 201006 
996 7 |b 2619319349  |c 2-0875.441  |l MZK  |r Sklad / do 1 hodiny  |n 0  |w 001127445  |u 000010  |a 1  |e BOA001  |j MZK50  |s A